| 000 | 01355cam a2200373 i 4500 | ||
|---|---|---|---|
| 020 | _a0882759698 | ||
| 082 | 0 | 0 |
_a624.1513 _bJUM _cL-26,P-62 |
| 100 | 1 |
_aJumikis, Alfreds R. _950878 |
|
| 245 | 1 | 0 |
_aSoil mechanics / _cAlfreds R. Jumikis. |
| 260 |
_aMalabar, Fla. : _bR.E. Krieger Pub. Co., _c1984. |
||
| 300 |
_axli, 576 p. : _bill. ; _c24 cm. |
||
| 500 | _aRev. ed. of: Introduction to soil mechanics. | ||
| 526 |
_a0 _b0 _c0 _d624_151300000000000_JUM |
||
| 526 |
_a0 _b0 _c0 _d624_151300000000000_JUM |
||
| 526 |
_a0 _b0 _c0 _d624_151300000000000_JUM |
||
| 526 |
_a0 _b0 _c0 _d624_151300000000000_JUM |
||
| 526 |
_a0 _b0 _c0 _d624_151300000000000_JUM |
||
| 526 |
_a0 _b0 _c0 _d624_151300000000000_JUM |
||
| 526 |
_a0 _b0 _c0 _d624_151300000000000_JUM |
||
| 526 |
_a0 _b0 _c0 _d624_151300000000000_JUM |
||
| 526 |
_a0 _b0 _c0 _d624_151300000000000_JUM |
||
| 526 |
_a0 _b0 _c0 _d624_151300000000000_JUM |
||
| 526 |
_a0 _b0 _c0 _d624_151300000000000_JUM |
||
| 526 |
_a0 _b0 _c0 _d624_151300000000000_JUM |
||
| 526 |
_a0 _b0 _c0 _d624_151300000000000_JUM |
||
| 526 |
_a0 _b0 _c0 _d624_151300000000000_JUM |
||
| 526 |
_a0 _b0 _c0 _d624_151300000000000_JUM |
||
| 526 |
_a0 _b0 _c0 _d624_151300000000000_JUM |
||
| 526 |
_a0 _b0 _c0 _d624_151300000000000_JUM |
||
| 526 |
_a0 _b0 _c0 _d624_151300000000000_JUM |
||
| 650 | 0 |
_aMCE _9379 |
|
| 650 | 0 | _aSoil mechanics. | |
| 942 |
_2ddc _cBK |
||
| 999 |
_c553608 _d553608 |
||